Statistika lineárních kooperativních soustav

Saved in:
Bibliographic Details
Main Author Živný, A. (Author)
Format Book
LanguageCzech
Published Praha : Ústav makromolekulární chemie ČSAV, 1968
Subjects
Physical Description156 s.

Cover

LEADER 00000cam a22000007a 4500
001 16325
003 CZ-ZlUTB
005 20190825233421.0
008 950218s1968 xr |||||r|||||||||||cze|d
040 |a ZLD002  |b cze  |c ZLD002  |d ZLD002 
072 7 |a 519.1/.8  |x Kombinatorika. Teorie grafů. Matematická statistika. Operační výzkum. Matematické modelování  |2 Konspekt  |9 13 
100 1 |a Živný, A.  |4 aut 
245 1 0 |a Statistika lineárních kooperativních soustav 
260 |a Praha :  |b Ústav makromolekulární chemie ČSAV,  |c 1968 
300 |a 156 s. 
650 0 4 |a kooperativní 
650 0 4 |a lineární 
650 0 4 |a soustavy 
650 0 7 |a statistika  |7 ph116273  |2 czenas 
910 |a ZLD002 
952 |0 0  |1 0  |4 0  |6 54ŽIVNÝA  |7 0  |8 BOOK  |9 27654  |a UTBZL  |b UTBZL  |c 006  |d 2006-07-29  |i 44998  |l 3  |o 54/ŽIVNÝ,A.  |p 420010018425  |r 2019-08-25 00:00:00  |w 2019-08-25  |x 20100831  |y 04 
992 |a BK  |b NS  |d 3 
999 |c 16325  |d 16325